000 00514nam a2200193 a 4500
005 20140310183457.0
008 100107s19uu xx 00 eng d
020 _a9780745645742
050 _aHM 831
_b.T68513 2009
100 _aTouraine, Alain
245 _aThinking differently /
_cAlain Touraine.
260 _aU.K :
_bPolity Press,
_c2009.
300 _a236 p. :
_billl.;
_c24 cm.
521 _aPSYCH
650 _aCritical thinking.
650 _aThinking.
942 _cBK
_2lcc
_kFOR
999 _c23660
_d23660